000 00667nam a2200217Ia 4500
003 GCL
008 140319s9999 xx 000 0 ara d
040 _aGCL /
_cGCL
082 0 4 _a944.05
_bا ت
100 1 _aالياس طانوس الحويك
245 1 0 _aتاريخ نابليون الاول /
_cالياس طانوس الحويك
260 _a[S.N] :
_bدار مكتبة الهلال للطباعة والنشر ،
_c1981
300 _aمتعدد ؛
_c24سم
490 _a
650 0 4 _aالعصر الحديث
650 0 4 _aتاريخ
650 0 4 _aفرنسا
650 0 4 _aنابليون بونابرت
650 0 4 _aاوربا
942 _2ddc
_cBK
999 _c54760
_d54760